| 000 | 00857nas a2200241 i 4500 | ||
|---|---|---|---|
| 001 | 190299 | ||
| 003 | ES-MaACL | ||
| 005 | 20250217134937.0 | ||
| 008 | 201027d1860191usp | | ||pa d | ||
| 022 | _a2484-9073 | ||
| 080 | _a347.97/99(460)(083.41) | ||
| 245 | 0 | 0 | _aEstadística de la administración de justicia en lo criminal durante el año ... en la península e islas adyacentes. |
| 260 |
_aMadrid : _bMinisterio de Gracia y Justicia, _c1860-[191?] ( _fImprenta Nacional) |
||
| 300 |
_av. ; _c27 cm. |
||
| 310 | _aAnual | ||
| 362 | 0 | _a1859-[191?] | |
| 650 | 4 |
_aAdministración de justicia penal- _zEspaña- _vEstadísticas. _9170580 |
|
| 852 |
_aES-MaACL _jT-442-F-13 _z.- Año 1883 |
||
| 852 |
_aES-MaACL _j1537-F-13 _z.- Año 1916 |
||
| 852 |
_aES-MaACL _jC-13333 _z.- año 1918 |
||
| 866 | 0 | _o1883, 1916, 1918. | |
| 999 |
_c190299 _d190299 |
||